00287nam a22000977a 4500008004100000082001600041100000800057245009400065260002200159300000800181230621b xxu||||| |||| 00| 0 eng d a328.30bCPA cCPA a6th Commonwealth Parliamentary Conference of Members from Small LegislaturesbJersey 1986 aLondonbCPAc1986 a64p